000 00659nam a2200241 a 4500
001 nice12345678
003 IN_TiNIC
005 20260116014725.0
008 140128s2013 lona grp 000 0 eng
020 _a0198090404
_c850
082 0 0 _a305.80954
_bROB1
100 _aRobinson, Rowena
245 _aBoundaries of Religion
_b Essays on Christianity, Ethnic Conflict and Violence
260 _aLondan
_bOxford University Press
_c2013
300 _a299p
500 _aincludes index and biblioraphy
505 2 _aindex
650 _aEthnic Conflict-India
700 1 _aRobinson, Rowena
902 _bSRS
942 _cBK
999 _c16652
_d16652